Šikanovanie a kyberšikanovanie v školskom prostredí: trestnoprávne hľadisko prejavov agresivity

Poukázanie na problematiku šikanovania a kyberšikany v školskom prostredí, prejavy a zdôraznenie, že identifikácia uvedených javov nie je jednoduchá. Odporúčania pre rodičov a pedagógov, ako riešiť situácie, keď sa dieťa stane obeťou alebo agresorom. Trestnoprávne hľadisko a určenie, kedy sa jedná o...

Ausführliche Beschreibung

Gespeichert in:
Bibliographische Detailangaben
1. Verfasser: Húsková, Ľudmila
Format: Buchkapitel
Sprache:Slowakisch
Schlagworte:
Tags: Tag hinzufügen
Keine Tags, Fügen Sie das erste Tag hinzu!

MARC

LEADER 00000naa a2200000 4500
001 0300180
005 20241024133002.7
041 0 |a slo 
044 |a SK 
245 1 0 |a Šikanovanie a kyberšikanovanie v školskom prostredí: trestnoprávne hľadisko prejavov agresivity  |c Ľudmila Húsková 
520 |a Poukázanie na problematiku šikanovania a kyberšikany v školskom prostredí, prejavy a zdôraznenie, že identifikácia uvedených javov nie je jednoduchá. Odporúčania pre rodičov a pedagógov, ako riešiť situácie, keď sa dieťa stane obeťou alebo agresorom. Trestnoprávne hľadisko a určenie, kedy sa jedná o naplnenie skutkovej podtaty priestupku alebo trestného činu. 
610 2 0 |a školy 
610 2 0 |a psychológia 
610 2 0 |a psychológia pedagogická 
610 2 0 |a žiaci 
610 2 0 |a šikanovanie 
610 2 0 |a kyberšikana 
610 2 0 |a zákony 
610 2 0 |a právo trestné 
100 1 |a Húsková, Ľudmila